MDQL
is popping MORE tags! Check the
thread
!
Quizzes
Events
Quiz Creation
Community
Videos
Private Events
Remove Ads
Sign In
Join for FREE
Feedback
Dark Mode
Quiz Categories
Sports
Geography
Music
Movies
Television
Just For Fun
Miscellaneous
History
Literature
Language
Science
Gaming
Entertainment
Religion
Holiday
For Kids
Quiz Lab
Recent
Popular Today
Quiz Kudos Today
Editor Picks
Curator Picks
Quizzes by...
Day
Popularity
Type
Ratings
Length
Year
Community
Subscriptions
Recent Discussions
Orange Saloon
Badges
Playlists
Quests
Create
Leaderboards
Showdown
Live 5
Trivia Bingo
Activity
Puzzle Library
Sporcle Events
Private Events
Virtual Trivia
Globe League
Become a Host
Pub Owners
SporcleCon
Opinionation
Our Games
Videos
Blog
Mobile Apps
Partnerships
Remove Ads and Go Orange
Feedback
Sports
Athletes
MLB
NBA
NHL
NFL
Soccer
Sports Teams
WWE
NCAA
Football
Premier League
Basketball
Baseball
Hockey
Golf
Tennis
Cricket
Rugby
Auto Racing
Olympics
World Cup
Sports
Athletes
MLB
NBA
NHL
NFL
Soccer
Sports Teams
WWE
NCAA
Football
Premier League
Basketball
Baseball
Hockey
Golf
Tennis
Cricket
Rugby
Auto Racing
Olympics
World Cup
Random Quiz
Search Sporcle
×
Quiz Lab
Quiz Lab
Sports
Basketball
Type in answers that appear in a list
Type in answers that appear in a list
Classic
Best Score? Go Orange.
NBA - Portland Trail Blazers All-Stars Stats
Can you name the NBA All-Stars representing the Portland Trail Blazers?
By
jaysee
5m
45 Questions
283 Plays
283 Plays
283 Plays
Comments
Comments
Give Quiz Kudos
Give Quiz Kudos
-
- Ratings
hide this ad
More Info
Replay
Link that replays current quiz
Next Quiz
Link to next quiz in quiz playlist
You Got
0%
They Got
Avg Score
52%
Avg Friend Score
Upgrade to see
Score Distribution
Jump to the score distribution portion of the page
Score
0/45
Timer
05:00
0
Plays Today
Year
Player
% Correct
2014
Damian Lillard
100%
2015
Damian Lillard
100%
2018
Damian Lillard
100%
2019
Damian Lillard
100%
2020
Damian Lillard
100%
2021
Damian Lillard
100%
2023
Damian Lillard
100%
1986
Clyde Drexler
97.9%
1988
Clyde Drexler
97.9%
1989
Clyde Drexler
97.9%
1990
Clyde Drexler
97.9%
1991
Clyde Drexler
97.9%
1992
Clyde Drexler
97.9%
1993
Clyde Drexler
97.9%
1994
Clyde Drexler
97.9%
2008
Brandon Roy
94%
2009
Brandon Roy
94%
2010
Brandon Roy
94%
1977
Bill Walton
92.9%
1978
Bill Walton
92.9%
2012
LaMarcus Aldridge
88.9%
2013
LaMarcus Aldridge
88.9%
2014
LaMarcus Aldridge
88.9%
Year
Player
% Correct
2015
LaMarcus Aldridge
88.9%
1991
Terry Porter
82.7%
1993
Terry Porter
82.7%
2000
Rasheed Wallace
80.9%
2001
Rasheed Wallace
80.9%
1989
Kevin Duckworth
71.4%
1991
Kevin Duckworth
71.4%
1977
Maurice Lucas
61.1%
1978
Maurice Lucas
61.1%
1979
Maurice Lucas
61.1%
1994
Clifford Robinson
61.1%
1971
Geoff Petrie
43.5%
1974
Geoff Petrie
43.5%
1978
Lionel Hollins
36.7%
1983
Jim Paxson
36.7%
1984
Jim Paxson
36.7%
1972
Sidney Wicks
35.7%
1973
Sidney Wicks
35.7%
1974
Sidney Wicks
35.7%
1975
Sidney Wicks
35.7%
1988
Steve Johnson
25.4%
1980
Kermit Washington
12.4%
Quiz Playlist
Details
Report
Send in Message
Add To Playlist
More Info:
Can you name the NBA All-Stars representing the Portland Trail Blazers?
Classic:
Type in answers that appear in a list
Quiz Source
Last Updated: May 18, 2022
Quiz Scoreboard
CHALLENGE
Sign Up to Join the Scoreboard
Show All
Scores
Hide
Comments
May contain spoilers
Recently Published
Image Sorting: Flags VI
by Barbecue
Geography
2m
Find the 'City' Movie
by crazypaving
Movies
60s
Colored Red Africa Blitz
by spor1
Geography
45s
More to Explore
Quiz From the Vault
Featured Blog Post
14 Easter Pick-up Lines to Find Eggs With
hide this ad
You Might Also Like...
Tags
Basketball Quiz
NBA Quiz
All-Star
portland
Portland Trail Blazers
Today's Top Quizzes in Sports
Browse Sports
hide this ad
Today's Top Quizzes in Basketball
Browse Basketball
Top Contributed Quizzes in Sports
1
Les meilleurs buteurs des matchs entre le PSG et l’OM
2
Les entraîneurs de l'OM et du PSG au 21e siècle
3
Les joueurs passés par le PSG et l'OM
4
2022 World Cup Stars
5
Players with Multiple 50 Home Run Seasons
6
Criteria MLB: Left Handed Sluggers
7
Les joueurs passés par le LOSC et le RC Lens
8
NBA Logic Puzzle 2.0
9
MLB Players with Two .350 Batting Average Seasons
10
FIFA Club World Cup Champions
Explore More
Trending Topics
NBA
Anime
Marvel
Disney
Harry Potter
Crossword
Kpop
Puzzle
NFL
Country
Song
The Office
WWE
Pokémon
Soccer
hide this ad
More By:
jaysee
Quiz
Plays
Rating
Category
Featured
Created
NBA All-Stars by Current Team
968,968
4.20
Sports
Feb 2, 2011
MLB Most Seasons with 20+ HR
57,097
4.50
Sports
Oct 8, 2013
Three-Word Bands Slot Machine III
37,064
4.32
Music
Nov 29, 2010
MLB - Opening Day All-Star Lineups
14,066
4.81
Sports
Dec 3, 2013
NFL - Top 5 Career Rushing Yards Per Draft
12,842
4.76
Sports
Nov 2, 2012
Go to Creator's Profile
Score Distribution
Quiz Creator Spotlight
jaysee
Follow
Send a Message
Quizzes Created
-
Created Quiz Play Count
-
More By This Creator
Popular Quizzes Today
1
Colored Red Africa Blitz
2
Find the US States - No Outlines Minefield
3
Find the 'City' Movie
4
5x2 Blitz: Bands
5
The Countries of the World
6
Find the US States
7
Find the Countries of Europe - No Outlines Minefield
8
US States
More Sports Quizzes
Real Madrid 2018-19 Champions League Starting XIs
Quiz Lab
Trending Quizzes
Colored Red Europe Blitz I
Colored Red Europe Blitz II
Colored Red Africa Blitz II
Colored Red Europe Blitz III
Colored Red Africa Blitz III
Recently Updated
How Do You Spell That?
pecheneg
Godzilla Movies
pecheneg
Grab Bag: 4-10 Letters
pecheneg
2024 March Madness Bracket
pecheneg
Famous TV Couples
Peacemaker
Champions League XIs: Real Madrid
pecheneg
Largest US Cities 1790-2010
pecheneg
Rides in Walt Disney World
pecheneg
Most Oscar Losses (Acting)
pecheneg
Beyoncé Albums
pecheneg
Trending Topics
Harry Potter
NBA
Marvel
Anime
Crossword
Kpop
Disney
Song
The Office
Soccer
NFL
Country
Pokémon
Puzzle
WWE
Your Account Isn't Verified!
In order to create a playlist on Sporcle, you need to verify the email address you used during registration. Go to your
Sporcle Settings
to finish the process.
Report this User
Report this user for behavior that violates our
Community Guidelines
.
Details:
Send Report
Go to the Sporcle.com Mobile Site →
Comments